Österreichische Bezirke die an Slowenien grenzen - Statistiken

Allgemein
  • Dieses Quiz wurde 59 mal gespielt
  • Das Durchschnittsergebnis liegt bei 7 aus 8
Antworten auf der Karte
Die Antworten werden auf der Karte rot bzw. grün angezeigt, abhängig davon wie oft sie richtig erraten wurden.
 
Antwortstatistiken
Bezirk % Korrekt
Südoststeiermark
93%
Wolfsberg
88%
Deutschlandsberg
83%
Klagenfurt-Land
83%
Villach-Land
83%
Leibnitz
78%
Jennersdorf
73%
Völkermarkt
71%
Keine übereinstimmenden Quizze gefunden
Verteilung der Resultate
Anzahl Personen mit jedem Resultat
Perzentil nach korrekt beantworteten Fragen
Ihre Resultats-Entwicklung
Sie haben dieses Quiz noch nicht gespielt